| 000 | 01065cam a2200301 a 4500 | ||
|---|---|---|---|
| 001 | 3526405 | ||
| 003 | PILC | ||
| 005 | 20150319124309.0 | ||
| 008 | 961205s1997 cau b 001 0 eng | ||
| 010 | _a 96040276 | ||
| 020 | _a0891060995 | ||
| 040 |
_aDLC _cDLC _dDLC |
||
| 050 | 0 | 0 |
_aHF 5549 _b.K32 1997 |
| 082 | 0 | 0 | _a658.3/124 |
| 100 | 1 | _aKaye, Beverly L. | |
| 245 | 1 | 0 |
_aUp is not the only way : _ba guide to developing workforce talent / _cBeverly L. Kaye. |
| 250 | _a2nd ed. | ||
| 260 |
_aPalo Alto, Calif. : _bDavies-Black Pub., _c1997. |
||
| 300 |
_axxv, 293 pages : _c23 cm. |
||
| 500 | _aOriginally published: Englewood Cliffs, N.J. : Prentice Hall, c1982. | ||
| 504 | _aIncludes bibliographical references (p.277-278) and index. | ||
| 650 | 0 | _aPersonnel management. | |
| 650 | 0 | _aVocational guidance. | |
| 650 | 0 | _aCareer development. | |
| 906 |
_a7 _bcbc _corignew _d1 _eocip _f19 _gy-gencatlg |
||
| 942 |
_2lcc _cBK |
||
| 999 |
_c283793 _d283793 |
||